000 00388nam a22001577a 4500
005 20251108170050.0
008 250721s9999 xx 000 0 ara d
082 1 4 _aط/ق/خيا
245 1 0 _aالخياط الصغير /
264 _c[19-].
300 _a16ص : مص
650 1 7 _aأدب الأطفال
650 1 7 _aالقصص العربية
942 _2ddc
_cBK
999 _c38854
_d38854